Normal view
MARC view
Entry Nome pessoal
001 - NÚMERO DE CONTROLE
- campo de controle: 66
003 - IDENTIFICADOR DO NÚMERO DE CONTROLE
- campo de controle: Br
005 - DATA E HORÁRIO DA ÚLTIMA TRANSAÇÃO
- campo de controle: 20250121102958.0
008 - CAMPO DE DADOS FIXOS
- campo de controle de tamanho fixo: 990707|| acnnnaab| aaaa d
035 ## - NÚMERO DE CONTROLE DO SISTEMA
- Número de Controle do Sistema: 99070715271529E40
040 ## - FONTE DA CATALOGAÇÃO
- Instituição da catalogação original: Br
- Instituição que transcreveu o registro: Br
100 1# - CABEÇALHO--NOME PESSOAL
- Nome pessoal: Archer, Jeffrey,
- Datas associadas ao nome: 1940-
400 1# - REMISSIVA VER--NOME PESSOAL
- Nome pessoal: Archer, Jeffrey Howard,
- Datas associadas ao nome: 1940-
670 ## - FONTE POSITIVA DOS DADOS
- Citação da fonte positiva dos dados: Autor de: Caim e Abel. 1983.
670 ## - FONTE POSITIVA DOS DADOS
- Citação da fonte positiva dos dados: http://authorities.loc.gov 30/4/2019
- Dados encontrados na fonte localizada no subcampo: (d.n.)
670 ## - FONTE POSITIVA DOS DADOS
- Citação da fonte positiva dos dados: http://viaf.org/processed/BNF%7C11889040
- Dados encontrados na fonte localizada no subcampo: (d.n.)
670 ## - FONTE POSITIVA DOS DADOS
- Citação da fonte positiva dos dados: http://viaf.org/processed/CAOONL%7Cncf10118017
- Dados encontrados na fonte localizada no subcampo: (d.n., rem.)